[Event "Slovenian chT 2019"]
[Site "Slovenia"]
[Date "2019.11.24"]
[Round "6"]
[White "Breznik, Kristijan"]
[Black "Rozman, Monika"]
[Result "1-0"]
[WhiteElo "2180"]
[BlackElo "2127"]
[Annotator "NA"]
[PlyCount "99"]
[EventDate "2019.??.??"]
[EventCountry "SLO"]
[SourceTitle "playchess.com"]
[Source "ChessBase"]
[SourceQuality "1"]
[TimeControl "40/5400+30:1800+30"]

1. e4 e5 2. Nf3 Nc6 3. Bc4 Bc5 4. c3 Nf6 5. d3 O-O 6. O-O d6 7. a4 a6 8. Bb3 Ba7 9. Bg5 h6 10. Bh4 g5 11. Nxg5 hxg5 12. Bxg5 Bg4 13. Qd2 Be6 14. Bd5 Kh7 15. Kh1 Rg8 16. f4 Rxg5 17. fxg5 Nh5 18. Bxe6 fxe6 19. Na3 Kg6 20. g3 Qxg5 21. Qxg5+ Kxg5 22. Rf7 Rh8 23. Kg2 Bb6 24. Raf1 Kg6 25. R7f3 Nb8 26. Rf8 Rxf8 27. Rxf8 Nd7 28. Rc8 Nc5 29. a5 Ba7 30. Ra8 Bb6 31. axb6 cxb6 32. Rd8 d5 33. exd5 exd5 34. Rxd5 Nf6 35. Rxe5 Nxd3 36. Re2 b5 37. Rd2 Nc5 38. Nc2 Kf5 39. Rf2+ Ke5 40. Nd4 Ng4 41. Re2+ Kd5 42. h4 Na4 43. Nf5 Kc4 44. Re4+ Kb3 45. Rxg4 Nxb2 46. h5 a5 47. Nd4+ Kxc3 48. Nxb5+ Kb3 49. h6 Nc4 50. Rxc4 1-0

[Event "Slovenian chT 2019"]
[Site "Slovenia"]
[Date "2019.11.24"]
[Round "6"]
[White "Murko, David"]
[Black "Gruskovnjak, Tomislav"]
[Result "1/2-1/2"]
[WhiteElo "2170"]
[BlackElo "2258"]
[Annotator "NA"]
[PlyCount "86"]
[EventDate "2019.??.??"]
[EventCountry "SLO"]
[SourceTitle "playchess.com"]
[Source "ChessBase"]
[SourceQuality "1"]
[TimeControl "40/5400+30:1800+30"]

1. e4 c5 2. Nf3 d6 3. d4 cxd4 4. Nxd4 Nf6 5. Nc3 a6 6. Bg5 Nbd7 7. Bc4 h6 8. Be3 Nb6 9. Be2 e5 10. Nb3 Be6 11. O-O Rc8 12. Bxb6 Qxb6 13. Nd5 Bxd5 14. exd5 Be7 15. Qd3 O-O 16. c4 a5 17. Rab1 Bd8 18. Qf5 Rc7 19. Rfd1 g6 20. Qd3 Kg7 21. Qe3 Rc8 22. Qh3 Bc7 23. Nd2 Qa7 24. Rf1 Bb6 25. b3 Bc5 26. Qg3 Bb4 27. Nf3 Nh5 28. Qh4 Nf4 29. Bd1 f5 30. g4 fxg4 31. Qxg4 Rc7 32. Bc2 Rf6 33. Nh4 h5 34. Qf3 Rcf7 35. Kh1 g5 36. Rg1 g4 37. Rxg4+ hxg4 38. Qxg4+ Kf8 39. Qc8+ Ke7 40. Qc7+ Ke8 41. Qc8+ Ke7 42. Qc7+ Ke8 43. Qc8+ Ke7 1/2-1/2

[Event "Slovenian chT 2019"]
[Site "Slovenia"]
[Date "2019.11.24"]
[Round "6"]
[White "Srebrnic, Ana"]
[Black "Bajt, Hana"]
[Result "1-0"]
[WhiteElo "2165"]
[BlackElo "1730"]
[Annotator "NA"]
[PlyCount "111"]
[EventDate "2019.??.??"]
[EventCountry "SLO"]
[SourceTitle "playchess.com"]
[Source "ChessBase"]
[SourceQuality "1"]
[TimeControl "40/5400+30:1800+30"]

1. e4 e5 2. d4 exd4 3. Qxd4 Nc6 4. Qe3 b6 5. Nc3 Nge7 6. Bd2 Ng6 7. Nd5 Bb7 8. O-O-O Nce7 9. Nc3 Nc6 10. Nd5 Nce7 11. Nxe7 Qxe7 12. f3 O-O-O 13. Bc4 f6 14. Nh3 Qc5 15. Qe2 Bd6 16. a3 a5 17. Be3 Qe5 18. Bd4 Qe7 19. g3 Bc5 20. Bc3 Rhe8 21. Rhe1 d5 22. exd5 Qxe2 23. Bxe2 Bxd5 24. Ba6+ Bb7 25. Rxd8+ Rxd8 26. Bxb7+ Kxb7 27. b4 axb4 28. axb4 Bd6 29. Nf2 h5 30. Ne4 Be5 31. f4 Bxc3 32. Nxc3 Rd4 33. Re8 Rd7 34. Rg8 h4 35. Nd1 Re7 36. Kd2 Kc6 37. Ne3 Rd7+ 38. Ke2 hxg3 39. hxg3 Re7 40. Kf3 Kb5 41. c3 Rf7 42. Ke4 Nf8 43. Nf5 g6 44. Nh6 Re7+ 45. Kd3 Rd7+ 46. Kc2 Nh7 47. Rxg6 Kc4 48. Nf5 Rd3 49. Rg7 Rxc3+ 50. Kd2 Kxb4 51. Rxh7 c5 52. Rb7 Rf3 53. Rxb6+ Kc4 54. Rxf6 Kd5 55. Ke2 Ra3 56. Ne3+ 1-0

[Event "Slovenian chT 2019"]
[Site "Slovenia"]
[Date "2019.11.24"]
[Round "6"]
[White "Janzelj, Lara"]
[Black "Mohr, Georg"]
[Result "0-1"]
[WhiteElo "2158"]
[BlackElo "2437"]
[Annotator "NA"]
[PlyCount "74"]
[EventDate "2019.??.??"]
[EventCountry "SLO"]
[SourceTitle "playchess.com"]
[Source "ChessBase"]
[SourceQuality "1"]
[TimeControl "40/5400+30:1800+30"]

1. d4 e6 2. c4 c5 3. d5 exd5 4. cxd5 d6 5. Nc3 g6 6. e4 Bg7 7. Bd3 Ne7 8. h3 a6 9. a4 Nd7 10. Nf3 Ne5 11. Nxe5 Bxe5 12. O-O Bg7 13. Bf4 h6 14. Bg3 O-O 15. Qd2 g5 16. f4 Ng6 17. fxg5 hxg5 18. e5 Nxe5 19. Bxe5 Bxe5 20. Ne4 f6 21. Qe2 Qe7 22. Rae1 Bd7 23. Kh1 Qg7 24. a5 Rae8 25. Qh5 Re7 26. Nf2 f5 27. Nd1 Be8 28. Qf3 g4 29. hxg4 fxg4 30. Qxf8+ Qxf8 31. Rxf8+ Kxf8 32. Bf5 g3 33. Re3 Bd7 34. Be4 Bf4 35. Re1 Bd2 36. Rf1+ Kg7 37. Bf3 Bb5 0-1

[Event "Slovenian chT 2019"]
[Site "Slovenia"]
[Date "2019.11.24"]
[Round "6"]
[White "Rozic, Adrijan"]
[Black "Marn, Jan"]
[Result "0-1"]
[WhiteElo "2048"]
[BlackElo "2217"]
[Annotator "NA"]
[PlyCount "66"]
[EventDate "2019.??.??"]
[EventCountry "SLO"]
[SourceTitle "playchess.com"]
[Source "ChessBase"]
[SourceQuality "1"]
[TimeControl "40/5400+30:1800+30"]

1. e4 e5 2. d4 exd4 3. Qxd4 Nc6 4. Qe3 g6 5. Bd2 Bg7 6. Bc3 Nf6 7. Nd2 O-O 8. O-O-O d5 9. Nb3 Nxe4 10. Bxg7 Kxg7 11. h4 h6 12. c4 Bf5 13. g4 Bxg4 14. f3 Ng3 15. cxd5 Re8 16. Qc3+ Ne5 17. Bb5 Bd7 18. Bxd7 Qxd7 19. Rh3 Qxh3 20. f4 Qxh4 21. fxe5 Qf4+ 22. Kb1 Qxe5 23. Nd4 Ne4 24. Qb3 Qg3 25. Ngf3 Rad8 26. Ka1 c6 27. Nf5+ gxf5 28. Rg1 Qxg1+ 29. Nxg1 cxd5 30. Qh3 Ng5 31. Qg3 d4 32. Kb1 d3 33. Kc1 d2+ 0-1

[Event "Slovenian chT 2019"]
[Site "Slovenia"]
[Date "2019.11.24"]
[Round "6"]
[White "Rifelj, Luka"]
[Black "Trussevich, Sergey"]
[Result "0-1"]
[WhiteElo "1961"]
[BlackElo "2274"]
[Annotator "NA"]
[PlyCount "146"]
[EventDate "2019.??.??"]
[EventCountry "SLO"]
[SourceTitle "playchess.com"]
[Source "ChessBase"]
[SourceQuality "1"]
[TimeControl "40/5400+30:1800+30"]

1. d4 Nf6 2. c4 e6 3. Nf3 c5 4. Nc3 cxd4 5. Nxd4 a6 6. e4 Qc7 7. a3 b6 8. Bd3 Bb7 9. f4 d6 10. O-O g6 11. Be3 Nbd7 12. Qf3 Bg7 13. Rac1 O-O 14. b4 Rac8 15. g4 h6 16. Qg3 Rfe8 17. Nf3 Qb8 18. e5 dxe5 19. fxe5 Nh7 20. Ne4 Nxe5 21. Nxe5 Bxe5 22. Qh3 Qc7 23. Qxh6 Bg7 24. Qh3 Red8 25. Bb1 Qe5 26. Bf4 Qd4+ 27. Be3 Qxe3+ 28. Qxe3 Bd4 29. Rfe1 Bxe3+ 30. Rxe3 Rd4 31. c5 bxc5 32. bxc5 f5 33. Nf2 Bd5 34. Nd3 Rxg4+ 35. Rg3 Rxg3+ 36. hxg3 Be4 37. Rc3 Nf6 38. Ba2 Bd5 39. Bxd5 Nxd5 40. Rc4 Kf8 41. Ra4 Nc7 42. Kf2 Rd8 43. Ke2 e5 44. Rh4 Kg7 45. Rb4 Nb5 46. a4 Nc3+ 47. Kd2 e4 48. Kxc3 Rxd3+ 49. Kc2 Rd5 50. Rc4 Rd7 51. c6 Rc7 52. Kc3 Kf6 53. Kd4 e3 54. Kd5 e2 55. Rc1 Re7 56. Re1 g5 57. c7 Rxc7 58. Rxe2 Rd7+ 59. Kc5 Rd3 60. Rg2 Ke5 61. Re2+ Kf6 62. Rg2 Kg6 63. a5 Rb3 64. Kc4 Rb5 65. Ra2 Kh5 66. Kd4 Kg4 67. Ra3 Rb1 68. Ke5 Re1+ 69. Kd5 f4 70. gxf4 gxf4 71. Ra2 f3 72. Kc6 Kg3 73. Kb7 Re6 0-1

[Event "Slovenian chT 2019"]
[Site "Slovenia"]
[Date "2019.12.20"]
[Round "7"]
[White "Markus, Robert"]
[Black "Tomazini, Zan"]
[Result "1-0"]
[WhiteElo "2602"]
[BlackElo "2357"]
[Annotator "ChessBase"]
[PlyCount "71"]
[EventDate "2019.??.??"]
[EventCountry "SLO"]
[SourceTitle "playchess.com"]
[Source "ChessBase"]
[SourceQuality "1"]
[TimeControl "40/5400+30:1800+30"]

1. d4 Nf6 2. c4 e6 3. Nf3 Bb4+ 4. Bd2 Qe7 5. g3 Ne4 6. Bg2 O-O 7. O-O Nxd2 8. Nbxd2 Bxd2 9. Qxd2 d6 10. Qe3 Nd7 11. Rac1 Re8 12. c5 c6 13. cxd6 Qxd6 14. Rfd1 Nf8 15. Ne5 Bd7 16. Nc4 Qe7 17. Qb3 Reb8 18. e4 Be8 19. d5 exd5 20. exd5 cxd5 21. Ne3 Bc6 22. Nxd5 Bxd5 23. Bxd5 Rd8 24. Rc3 Rab8 25. Re3 Qd7 26. Qa3 Ne6 27. Red3 Rdc8 28. Qxa7 Qb5 29. Qe3 Nc5 30. R3d2 Re8 31. Qf4 Ne6 32. Qf5 Qb6 33. Bb3 Rf8 34. Rd6 Qb4 35. Rd7 Nc5 36. Qxf7+ 1-0

[Event "Slovenian chT 2019"]
[Site "Slovenia"]
[Date "2019.12.20"]
[Round "7"]
[White "Ivanisevic, Ivan"]
[Black "Borisek, Jure"]
[Result "1-0"]
[WhiteElo "2593"]
[BlackElo "2596"]
[Annotator "ChessBase"]
[PlyCount "87"]
[EventDate "2019.??.??"]
[EventCountry "SLO"]
[SourceTitle "playchess.com"]
[Source "ChessBase"]
[SourceQuality "1"]
[TimeControl "40/5400+30:1800+30"]

1. c4 c5 2. Nc3 g6 3. g3 Bg7 4. Bg2 Nc6 5. d3 d6 6. Qd2 e5 7. b3 Nge7 8. Bb2 O-O 9. h4 h5 10. Nh3 Rb8 11. O-O a6 12. Kh2 Nf5 13. Ne4 Bd7 14. e3 b5 15. Rad1 b4 16. Ra1 Qc7 17. a3 a5 18. axb4 axb4 19. Ra2 Ra8 20. Rfa1 Rxa2 21. Rxa2 Qb7 22. Nhg5 Ra8 23. Bc1 Rxa2 24. Qxa2 Qa7 25. Qb1 Qc7 26. Bb2 Be8 27. Bh3 Nce7 28. Qa1 Bc6 29. Nd2 Bb7 30. e4 Nd4 31. Bxd4 exd4 32. f4 Bc8 33. Qa4 Qd8 34. Qa8 Bf6 35. Ngf3 Qc7 36. e5 dxe5 37. Ne4 Bg7 38. Bxc8 Qxc8 39. Qxc8+ Nxc8 40. Nxe5 Bxe5 41. fxe5 Ne7 42. Nxc5 Nc6 43. Nd7 f5 44. e6 1-0

[Event "Slovenian chT 2019"]
[Site "Slovenia"]
[Date "2019.12.20"]
[Round "7"]
[White "Ruck, Robert"]
[Black "Aczel, Gergely"]
[Result "1/2-1/2"]
[WhiteElo "2530"]
[BlackElo "2523"]
[Annotator "ChessBase"]
[PlyCount "66"]
[EventDate "2019.??.??"]
[EventCountry "SLO"]
[SourceTitle "playchess.com"]
[Source "ChessBase"]
[SourceQuality "1"]
[TimeControl "40/5400+30:1800+30"]

1. Nf3 c5 2. c4 Nc6 3. Nc3 g6 4. e3 Nf6 5. d4 cxd4 6. exd4 d5 7. cxd5 Nxd5 8. Qb3 e6 9. Bb5 Bg7 10. O-O O-O 11. Nxd5 exd5 12. Be3 Qb6 13. Bxc6 bxc6 14. Rfc1 Rb8 15. Rxc6 Qxb3 16. axb3 Rxb3 17. Rxa7 Rxb2 18. h3 Rb7 19. Rxb7 Bxb7 20. Rd6 f6 21. Ne1 f5 22. Rb6 Bc8 23. Nd3 f4 24. Nxf4 Bxd4 25. Bxd4 Rxf4 26. Be3 Re4 27. Rd6 Be6 28. Rb6 h5 29. Rb7 Bf5 30. Bh6 Re1+ 31. Kh2 d4 32. Rb4 Re2 33. Rxd4 Rxf2 1/2-1/2

[Event "Slovenian chT 2019"]
[Site "Slovenia"]
[Date "2019.12.20"]
[Round "7"]
[White "Sebenik, Matej"]
[Black "Podkriznik, Gregor"]
[Result "1/2-1/2"]
[WhiteElo "2512"]
[BlackElo "2408"]
[Annotator "ChessBase"]
[PlyCount "65"]
[EventDate "2019.??.??"]
[EventCountry "SLO"]
[SourceTitle "playchess.com"]
[Source "ChessBase"]
[SourceQuality "1"]
[TimeControl "40/5400+30:1800+30"]

1. Nf3 Nf6 2. c4 g6 3. Nc3 Bg7 4. e4 d6 5. d4 O-O 6. Be2 e5 7. O-O Nc6 8. d5 Ne7 9. b4 Nh5 10. c5 Nf4 11. a4 f5 12. Bc4 Kh8 13. Ra3 fxe4 14. Nxe4 h6 15. Bxf4 Rxf4 16. Re1 Rf8 17. a5 a6 18. Bf1 Bg4 19. h3 Bc8 20. cxd6 cxd6 21. Nfd2 Bf5 22. Nc4 Bxe4 23. Rxe4 Rc8 24. Nb6 Rc7 25. Rc4 Rxc4 26. Bxc4 Nf5 27. Bd3 Rf7 28. Qg4 Qf6 29. Rc3 Kh7 30. Be4 h5 31. Qd1 Qh4 32. Qb1 Bh6 33. Rf3 1/2-1/2

[Event "Slovenian chT 2019"]
[Site "Slovenia"]
[Date "2019.12.20"]
[Round "7"]
[White "Janzelj, Tim"]
[Black "Bosiocic, Marin"]
[Result "1-0"]
[WhiteElo "2448"]
[BlackElo "2623"]
[Annotator "TA"]
[PlyCount "117"]
[EventDate "2019.??.??"]
[EventCountry "SLO"]
[SourceTitle "playchess.com"]
[Source "ChessBase"]
[SourceQuality "1"]

{[%evp 9,117,12,24,4,4,4,4,4,4,4,4,0,4,9,12,25,15,15,24,22,29,32,24,43,32,-35,-50,-30,-11,-6,0,0,0,-8,0,0,0,0,0,0,0,0,0,0,0,0,0,0,0,0,0,0,0,-10,0,0,0,0,0,0,0,0,0,0,0,0,0,0,0,0,0,0,0,0,0,0,0,0,10,0,0,0,0,0,269,15,11,0,0,0,547,699,1118,1095,1192,1162,1083,1047,1149,969,5609,5609,5609,5185,1857,1307,29984,29985,29988,29988]} 1. e4 c5 2. Nf3 d6 3. Bb5+ Nd7 {[%cal Bb8d7,Bd7c5,Bc5e6,Be6f4][%mdl 32]} 4. d4 cxd4 5. Qxd4 a6 6. Be2 {B51: Sicilian: Moscow Variation (3 Bb5+) without 3...Bd7} Ngf6 7. O-O e5 8. Qe3 {The position is equal.} Nc5 9. Nfd2 Ne6 $146 ({Predecessor:} 9... Be7 10. c4 O-O 11. h3 b5 12. cxb5 d5 13. b4 Ncxe4 14. Nxe4 Nxe4 {0-1 (100) Hammer,J (2632)-Tari,A (2578) Antalya 2017}) 10. Nb3 Be7 11. c4 Nf4 12. Rd1 Be6 13. Bf1 Qc7 14. Qe1 Bxc4 15. Bxc4 Qxc4 16. Bxf4 exf4 17. e5 ({Better is} 17. Nc3 $14) 17... dxe5 $15 18. Qxe5 Qe4 19. Qc7 $1 Bd8 20. Qd6 Qe7 21. Qxf4 Bc7 22. Qf3 O-O 23. Nc3 Rfe8 24. g3 Bb6 25. Kg2 h5 26. Nd4 Qe5 27. Nf5 Rad8 28. Re1 Qc7 29. Rxe8+ Rxe8 30. Rd1 Re6 31. Rd2 Bc5 32. Nd5 Nxd5 33. Rxd5 {Strongly threatening Qc3!} Bf8 34. Nd4 Re5 35. Nf5 Re1 36. Ne3 g6 37. Rd1 Rxd1 38. Qxd1 Qe5 39. b3 Qe4+ 40. Qf3 Qxf3+ 41. Kxf3 $11 {[%mdl 4096] Endgame KB-KN} Bc5 42. Ke4 Kg7 43. Kd5 Bb6 44. Kd6 h4 45. b4 h3 46. a4 {And now a5 would win.} Bd4 $2 {[%mdl 8192]} (46... a5 $1 $11 47. bxa5 Bxa5) 47. Kc7 $2 (47. a5 $1 $18) 47... b6 $1 48. a5 bxa5 49. bxa5 Bc3 $2 {[%mdl 8192]} (49... Kf6 $11 {and Black is okay.}) 50. Kb6 $18 Be1 {[#]} 51. Nd1 $1 Kf6 52. Kxa6 Ke5 {[#]} 53. f3 $1 f5 54. Kb5 f4 55. gxf4+ Kd6 56. Kb6 Bb4 57. a6 {[%cal Ba5a6,Ba6a7][%mdl 32]} Kd5 58. Ne3+ Ke6 59. a7 {Accuracy: White = 74%, Black = 60%.} 1-0

[Event "Slovenian chT 2019"]
[Site "Slovenia"]
[Date "2019.12.20"]
[Round "7"]
[White "Markoja, Boris"]
[Black "Beliavsky, Alexander G"]
[Result "1/2-1/2"]
[WhiteElo "2445"]
[BlackElo "2519"]
[Annotator "ChessBase"]
[PlyCount "63"]
[EventDate "2019.??.??"]
[EventCountry "SLO"]
[SourceTitle "playchess.com"]
[Source "ChessBase"]
[SourceQuality "1"]
[TimeControl "40/5400+30:1800+30"]

1. d4 Nf6 2. c4 e6 3. g3 d5 4. Nf3 dxc4 5. Bg2 a6 6. O-O Nc6 7. Nc3 Rb8 8. e4 Be7 9. d5 Nb4 10. Ne5 O-O 11. Nxc4 exd5 12. exd5 Bg4 13. Qd2 Bf5 14. Ne3 Bg6 15. Rd1 Nd3 16. Qe2 Nxc1 17. Raxc1 Re8 18. Na4 h5 19. Nc5 Bd6 20. Qc4 a5 21. Qh4 Qe7 22. Nb3 Ra8 23. Nd4 Qd7 24. Nc4 a4 25. Nxd6 cxd6 26. Bh3 Qd8 27. Bf5 Bxf5 28. Nxf5 Re5 29. Ne3 Re4 30. Qg5 Ng4 31. Qxd8+ Rxd8 32. Nxg4 1/2-1/2

[Event "Slovenian chT 2019"]
[Site "Slovenia"]
[Date "2019.12.20"]
[Round "7"]
[White "Antal, Tibor Kende"]
[Black "Tratar, Marko"]
[Result "1/2-1/2"]
[WhiteElo "2420"]
[BlackElo "2440"]
[Annotator "RC"]
[PlyCount "136"]
[EventDate "2019.??.??"]
[EventCountry "SLO"]
[SourceTitle "playchess.com"]
[Source "ChessBase"]
[SourceQuality "1"]
[TimeControl "40/5400+30:1800+30"]

1. e4 e6 2. d4 d5 3. Nc3 Nf6 4. e5 Nfd7 5. f4 c5 6. Nf3 Nc6 7. Be3 cxd4 8. Nxd4 Bc5 9. Qd2 a6 10. O-O-O Nxd4 11. Bxd4 Qc7 12. Kb1 b5 13. Qf2 b4 14. Na4 Bxd4 15. Qxd4 a5 16. c4 bxc3 17. Rc1 Qb8 18. Rxc3 Qb4 19. Qxb4 axb4 20. Rc6 Ke7 21. Nb6 Rb8 22. Nxc8+ Rhxc8 23. Rxc8 Rxc8 24. Ba6 Rc7 25. Rc1 Rxc1+ 26. Kxc1 f6 27. exf6+ gxf6 28. a3 Nc5 29. Bb5 bxa3 30. bxa3 e5 31. fxe5 fxe5 32. Kc2 Kd6 33. a4 Ne6 34. Kd1 Kc5 35. Bd7 Nf4 36. g3 Nh5 37. a5 Nf6 38. Bc8 h5 39. h3 Ne4 40. a6 Kb6 41. Bb7 Nxg3 42. Bxd5 Kxa6 43. h4 Kb6 44. Ke1 Kc5 45. Bf3 Kd4 46. Kf2 Ne4+ 47. Ke2 Nf6 48. Bc6 e4 49. Kd2 Nd5 50. Bb5 e3+ 51. Ke1 Ke5 52. Bc6 Nf6 53. Ke2 Kf4 54. Kd3 Ng4 55. Be8 Nf2+ 56. Ke2 Ne4 57. Kd3 Ng3 58. Bc6 Nf5 59. Be8 Ng7 60. Bc6 Ne6 61. Be8 Nc5+ 62. Ke2 Ne4 63. Bc6 Nc3+ 64. Kd3 e2 65. Kd2 Kg3 66. Ke1 Kg4 67. Kf2 Kxh4 68. Bf3 Kg5 1/2-1/2

[Event "Slovenian chT 2019"]
[Site "Slovenia"]
[Date "2019.12.20"]
[Round "7"]
[White "Tomazini, Aljosa"]
[Black "Lenic, Luka"]
[Result "0-1"]
[WhiteElo "2391"]
[BlackElo "2633"]
[Annotator "TA"]
[PlyCount "76"]
[EventDate "2019.??.??"]
[EventCountry "SLO"]
[SourceTitle "playchess.com"]
[Source "ChessBase"]
[SourceQuality "1"]

{[%evp 9,76,-24,-4,-2,-6,-15,-8,-9,-4,-13,-10,-15,-7,-9,-23,-19,0,-48,-50,-48,-38,-48,-41,-126,-125,-137,-110,-141,-117,-114,-102,-122,-106,-165,-113,-312,-162,-387,-353,-468,-431,-789,-789,-789,-781,-1587,-807,-1096,-764,-734,-727,-714,-673,-1138,-1086,-1336,-978,-957,-934,-1490,172,-1041,-1043,-1008,-976,-1604,-1467,-29998,-29999]} 1. d4 Nf6 2. Bg5 d5 3. Bxf6 exf6 4. e3 Bd6 5. g3 O-O 6. Bg2 {D00: 1 d4 d5: Unusual lines} c6 7. Ne2 Nd7 {[%cal Bb8d7,Bd7f6,Bf6e4][%mdl 32]} (7... f5 8. O-O Be6 9. b3 Nd7 10. Qd3 h5 11. h4 Nf6 12. c4 Ne4 {½-½ (83) Dragun,K (2578)-Swiercz,D (2649) Burlingame 2019}) 8. O-O {The position is equal.} f5 9. b3 $146 ({Predecessor:} 9. Qd3 Nf6 10. b3 Re8 11. c4 {½-½ (23) Vybiral,Z (2236)-Voloshin,L (2389) Ceske Budejovice 2017}) 9... Nf6 10. c4 Be6 11. Qd3 Re8 12. Nbc3 Ne4 13. c5 Bc7 14. b4 Bc8 15. a4 h5 16. h4 {[#]} ({White should play} 16. f3 $15 Nxc3 17. Nxc3 (17. Qxc3 h4 $11)) 16... g5 $1 $17 17. hxg5 Qxg5 18. f4 Qg6 19. Nxe4 fxe4 20. Qd2 {[#]} h4 $1 {[%mdl 512]} 21. gxh4 (21. Qe1 $17 {was called for.}) 21... Bd8 ({Black should try} 21... Kh7 $19 22. Kf2 Rg8) 22. Kh2 $2 (22. f5 $17 Qh7 23. h5) 22... Qh6 (22... Bxh4 $142 {Threatens to win with ...Kh8.} 23. f5 Bxf5) 23. Ng1 $2 (23. Rh1) 23... Bxh4 {Strongly threatening ...Be1+.} 24. Bh3 Kh8 ({Less strong is} 24... Bxh3 25. Nxh3 Kh8 26. Rg1 $17) 25. f5 (25. Kh1 $142 Bg3 26. Rf2) 25... Rg8 $19 26. Ne2 Rg5 27. Qd1 Bd7 28. Rf4 Rag8 29. Qf1 Bg3+ 30. Nxg3 Rxg3 31. Re1 R8g5 32. Rf2 Kg7 33. Rf4 Kf6 34. Rf2 Rxh3+ 35. Qxh3 {[#]} Rh5 $1 {[%mdl 512]} 36. Qxh5 Qxh5+ 37. Kg3 Bxf5 {( -> ...Qh3+)} 38. Ref1 Qh3+ {Accuracy: White = 38%, Black = 63%.} 0-1

[Event "Slovenian chT 2019"]
[Site "Slovenia"]
[Date "2019.12.20"]
[Round "7"]
[White "Drnovsek, Gal"]
[Black "Kovacevic, Blazimir"]
[Result "1/2-1/2"]
[WhiteElo "2388"]
[BlackElo "2453"]
[Annotator "TA"]
[PlyCount "107"]
[EventDate "2019.??.??"]
[EventCountry "SLO"]
[SourceTitle "playchess.com"]
[Source "ChessBase"]
[SourceQuality "1"]

{[%evp 24,107,0,0,3,0,0,-12,0,-29,0,0,0,0,0,-19,0,0,0,-36,-13,-21,-6,-53,3,-58,-6,-46,-45,-19,-19,-70,-70,-79,-52,-54,-46,-45,-43,-54,-32,-28,-27,-43,-17,-81,-22,-83,-81,-83,-87,-99,-10,-9,0,0,-6,-10,0,0,0,0,0,0,0,0,0,0,0,0,8,0,0,0,0,0,0,0,0,0,0,0,6,0,17,0]} 1. e4 c5 2. Nf3 e6 3. d4 cxd4 4. Nxd4 Nc6 5. Nc3 Qc7 6. Be2 a6 7. Be3 Nf6 8. a3 Be7 9. O-O O-O 10. f4 d6 11. Qe1 Nxd4 12. Bxd4 e5 13. Be3 exf4 {B48: Sicilian: Taimanov: 5 Nc3 Qc7 6 Be3 a6 without Be2} 14. Rxf4 (14. Bxf4 Be6 15. Qg3 Rfd8 16. Rad1 Nd7 17. Bg4 Ne5 18. Bxe6 fxe6 19. Qh3 Qc8 20. Ne2 Bf6 21. Nd4 {0-1 (39) Milov,L (2562)-Mekhitarian,K (2511) Dieren 2010}) 14... Be6 15. Rd1 Nd7 16. Rf1 Ne5 17. Qg3 Rac8 18. Bd4 Rfe8 $146 ({Predecessor:} 18... Ng6 19. Bg4 Bh4 20. Qh3 Rce8 21. Rd2 {1-0 (33) Kouwenhoven,D (2098)-Clemens,A (2201) Groningen 2017}) 19. Bd3 Bf8 20. Ne2 g6 21. Kh1 Bg7 22. Bc3 Bd7 23. Nd4 Bc6 ({Black should play} 23... Nxd3 $15 24. Qxd3 Re7) 24. Rde1 (24. Nxc6 $11 Qxc6 25. Qf4) 24... Re7 (24... b5 $15) 25. h3 Rce8 26. Qf2 $1 b5 27. Bd2 ({Better is} 27. Nxc6 $11 Qxc6 28. Bd4) 27... Bb7 $15 28. Bg5 Rd7 (28... f6 $5 29. Bh4 (29. Bxf6 Rf7 $17) 29... Qc5 $15) 29. Bf6 Bxf6 30. Qxf6 Qd8 31. Qxd8 Rexd8 (31... Rdxd8 {keeps more tension.} 32. Nf3 Nd7 33. Nd2 Re6 34. Nb1 Kg7) 32. Nf3 Kg7 33. Kh2 Re7 34. Re2 (34. Nxe5 $11 {remains equal.} dxe5 35. g4) 34... Rde8 ({Black should try} 34... Nd7 $17) 35. Rfe1 (35. Nxe5 $11 dxe5 36. g4) 35... Nd7 $17 36. Kg3 Nc5 37. Nd2 Nxd3 (37... Na4 $17 38. Rb1 Nc5) 38. cxd3 $11 {The position is equal.} f5 39. Kf2 Kf6 40. g3 Rc7 41. exf5 Rxe2+ 42. Rxe2 Kxf5 {[%mdl 4096] Endgame KRB-KRN} 43. Nb3 Kf6 44. Nd4 Bd5 45. h4 Rc1 46. Re1 Rc8 47. g4 h6 48. Kg3 Rc5 49. Kf4 Bf7 50. Rf1 Re5 51. Kg3+ Kg7 52. Kf4 Rd5 53. Ke4 {[#] Black must now prevent Rxf7+!} Rc5 54. Kf4 {Accuracy: White = 42%, Black = 50%.} 1/2-1/2

[Event "Slovenian chT 2019"]
[Site "Slovenia"]
[Date "2019.12.20"]
[Round "7"]
[White "Trbojevic, Mladen"]
[Black "Gjuran, Denis"]
[Result "*"]
[WhiteElo "2346"]
[BlackElo "2324"]
[Annotator "TA"]
[PlyCount "93"]
[EventDate "2019.??.??"]
[EventCountry "SLO"]
[SourceTitle "playchess.com"]
[Source "ChessBase"]
[SourceQuality "1"]

{[%evp 17,93,14,24,11,20,0,0,-15,0,0,0,0,0,0,0,0,0,-7,0,-9,0,-6,-10,-27,-15,-144,-9,-9,-2,-9,-10,-24,41,24,61,61,59,66,68,66,66,55,62,37,47,0,43,0,58,55,64,51,57,43,52,54,85,8,64,60,82,54,102,8,59,0,17,0,55,0,53,19,48,2,4,0,0,0]} 1. d4 Nf6 2. Nf3 d5 3. Bf4 c5 4. e3 Nc6 5. Nbd2 e6 6. c3 Bd6 7. Bg3 O-O 8. Bd3 Qe7 9. Ne5 Nd7 10. Nxd7 {D02: 1 d4 d5 2 Nf3 sidelines, including 2...Nf6 3 g3 and 2...Nf6 3 Bf4} Qxd7 11. Bxd6 Qxd6 12. f4 $146 (12. dxc5 Qxc5 13. Bxh7+ Kxh7 14. Qh5+ Kg8 15. Ne4 g6 {½-½ (15) Riazantsev,A (2645)-Popov,I (2604) Moscow 2019}) 12... cxd4 13. cxd4 Bd7 14. a3 Rac8 15. O-O Ne7 16. Qe2 f6 17. Nf3 Be8 18. Nh4 Bf7 19. Qg4 Rc7 20. f5 exf5 21. Bxf5 {[#]} (21. Nxf5 $11 Nxf5 22. Bxf5) 21... g6 ({Black should try} 21... h5 $1 $17 {[%cal Rh5g4]} 22. Qh3 g5) 22. Bd3 $11 Kg7 23. Qf3 Be6 24. g4 f5 (24... g5 $11 25. Nf5+ Nxf5 26. gxf5 Bf7) 25. Ng2 (25. Rf2 {feels hotter.} Bd7 26. Ng2 Rfc8 27. Raf1 Kh8 28. g5) 25... Rf7 26. g5 $1 Rf8 27. Nf4 Rfc8 28. h4 Bf7 29. Qg3 {[#] And now Nh5+! would win.} Qb6 30. h5 gxh5 31. Ng2 Qe6 32. Qh3 {[%mdl 1024] White has compensation.} Bg6 (32... Qg6 $11) 33. Nf4 Qf7 34. Qg3 Kh8 35. Kg2 Rc6 36. Rf2 Rg8 37. Kh2 (37. Rh1 $16) 37... Rgc8 (37... h6 $11) 38. Rg1 Rf8 39. Rgf1 a6 40. Ng2 (40. e4 $16) 40... Qe6 (40... Rg8 $11) 41. Nh4 (41. Kh1 $14) 41... Rcc8 42. Ng2 Rc6 43. Nf4 ({White should play} 43. Kh1 $14) 43... Qd6 (43... Qf7 $1 $11) 44. Bb1 Rfc8 45. Ba2 Rg8 46. Kh1 Bf7 47. Qh4 {Accuracy: White = 27%, Black = 40%.} *